[Event "BL2 West 1516 (Women)"]
[Site "Germany"]
[Date "2015.12.06"]
[Round "4.6"]
[White "Doepper, Anna Berenice"]
[Black "Wenke, Andrea"]
[Result "1-0"]
[WhiteElo "1760"]
[BlackElo "1789"]
[PlyCount "109"]
[EventDate "2015.09.26"]
[EventType "team-tourn"]
[EventRounds "7"]
[EventCountry "GER"]
[SourceTitle "EXT 2017"]
[Source "ChessBase"]
[SourceDate "2016.10.25"]
[SourceVersion "1"]
[SourceVersionDate "2016.10.25"]
[SourceQuality "1"]
[WhiteTeam "Wattenscheid (W)"]
[BlackTeam "Delmenhorst (W)"]
[WhiteTeamCountry "GER"]
[BlackTeamCountry "GER"]

1. e4 e5 2. d4 exd4 3. Nf3 Nc6 4. Bc4 Be7 5. 0-0 d6 6. Nxd4 Ne5 7. Bb3 Nf6 8. Nc3 0-0 9. f4 Ned7 10. Rf3 Nc5 11. Re3 Nxb3 12. axb3 c5 13. Nf3 Bg4 14. h3 Bd7 15. e5 dxe5 16. fxe5 c4 17. exf6 Bc5 18. Kh1 Bxe3 19. Bxe3 Be6 20. fxg7 Qxd1+ 21. Rxd1 Kxg7 22. bxc4 Bxc4 23. Rd7 b6 24. Bd4+ Kg8 25. Ne4 Rfd8 26. Nf6+ Kf8 27. Nxh7+ Kg8 28. Nf6+ Kf8 29. c3 Be6 30. Rxd8+ Rxd8 31. Kh2 Ke7 32. Nh5 Rg8 33. Nf4 Bb3 34. g4 Bc2 35. g5 Be4 36. Bf6+ Kd6 37. Ne5 Bg6 38. h4 Re8 39. h5 Bxh5 40. Nxh5 Rxe5 41. Bxe5+ Kxe5 42. Kg3 Kf5 43. Kh4 a5 44. Ng3+ Kg6 45. Kg4 f6 46. gxf6 Kxf6 47. Kf4 Ke6 48. Ke4 Kd6 49. Kd4 b5 50. Ne4+ Kc6 51. Nc5 Kb6 52. Nb3 a4 53. Nc5 Ka5 54. Nxa4 Kxa4 55. b4 1-0

[Event "BL2 West 1415 (Women)"]
[Site "Germany"]
[Date "2014.09.27"]
[Round "1.6"]
[White "Wenke, Andrea"]
[Black "Rommeck, Christiane"]
[Result "1-0"]
[WhiteElo "1789"]
[BlackElo "1424"]
[PlyCount "65"]
[EventDate "2014.09.27"]
[EventType "team-tourn"]
[EventRounds "7"]
[EventCountry "GER"]
[SourceTitle "CBM 166 Extra"]
[Source "ChessBase"]
[SourceDate "2015.06.18"]
[SourceVersion "1"]
[SourceVersionDate "2015.06.18"]
[SourceQuality "1"]
[WhiteTeam "Delmenhorst (W)"]
[BlackTeam "Kiel Doppelbauer (W)"]
[WhiteTeamCountry "GER"]
[BlackTeamCountry "GER"]

1. e4 d6 2. Nf3 g6 3. d4 Bg7 4. c3 Nd7 5. Bc4 h6 6. Bf4 e5 7. dxe5 dxe5 8. Bg3 Ne7 9. Qb3 0-0 10. Nbd2 Nc6 11. Nh4 Qf6 12. 0-0 Nc5 13. Qc2 Be6 14. f4 exf4 15. Rxf4 Qe7 16. Rf2 Bxc4 17. Nxc4 Nxe4 18. Re1 f5 19. Nxg6 Qf7 20. Rxe4 Qxg6 21. Ref4 Rae8 22. Rf1 b5 23. Na3 Re5 24. Qb3+ Kh7 25. Nxb5 Rb8 26. Rb4 Nxb4 27. Bxe5 Qb6+ 28. Bd4 Qxb5 29. Qf7 Rg8 30. cxb4 Kh8 31. Bc3 Qe2 32. Re1 Bd4+ 33. Bxd4+ 1-0

[Event "BL2 West 1314 (Women)"]
[Site "Germany"]
[Date "2013.12.01"]
[Round "2.6"]
[White "Knop, Karin"]
[Black "Wenke, Andrea"]
[Result "1-0"]
[WhiteElo "1396"]
[BlackElo "1789"]
[PlyCount "105"]
[EventDate "2013.11.30"]
[EventType "team-tourn"]
[EventRounds "7"]
[EventCountry "GER"]
[SourceTitle "EXT 2018"]
[Source "ChessBase"]
[SourceDate "2017.10.13"]
[SourceVersion "1"]
[SourceVersionDate "2017.10.13"]
[SourceQuality "1"]
[WhiteTeam "Heiden (W)"]
[BlackTeam "Delmenhorst (W)"]
[WhiteTeamCountry "GER"]
[BlackTeamCountry "GER"]

1. e4 e5 2. Bc4 Nf6 3. Nc3 Bc5 4. d3 d6 5. Nge2 Nc6 6. h3 h6 7. Be3 Bb6 8. Qd2 Be6 9. Bb3 Bxb3 10. axb3 Nd4 11. 0-0 Nh5 12. f4 Nxe2+ 13. Nxe2 exf4 14. Bxb6 axb6 15. Rxa8 Qxa8 16. Nxf4 Nxf4 17. Qxf4 0-0 18. e5 dxe5 19. Qxe5 Qd8 20. d4 Re8 21. Qf4 Qe7 22. c3 Qe3+ 23. Qxe3 Rxe3 24. Kf2 Re8 25. Ra1 c6 26. c4 f6 27. Ra4 Re4 28. Rb4 Rxd4 29. Rxb6 Rd7 30. Ke3 Kf7 31. b4 g6 32. b5 c5 33. g4 Re7+ 34. Kf3 g5 35. b3 Kg6 36. Kf2 Rf7 37. Kf3 Re7 38. Kf2 Rf7 39. Ke3 Re7+ 40. Kd3 Kf7 41. Kc3 Re3+ 42. Kb2 Re7 43. Ka3 Kg6 44. b4 Re3+ 45. Ka4 cxb4 46. Kxb4 Re7 47. Kc5 Rc7+ 48. Kd5 h5 49. c5 hxg4 50. hxg4 Kf7 51. c6 bxc6+ 52. bxc6 Kg6 53. Kd6 1-0

[Event "BL2 West 1314 (Women)"]
[Site "Germany"]
[Date "2013.11.30"]
[Round "1.6"]
[White "Wenke, Andrea"]
[Black "Hoffmann, Bianca"]
[Result "1/2-1/2"]
[WhiteElo "1789"]
[BlackElo "1488"]
[PlyCount "112"]
[EventDate "2013.11.30"]
[EventType "team-tourn"]
[EventRounds "7"]
[EventCountry "GER"]
[SourceTitle "EXT 2018"]
[Source "ChessBase"]
[SourceDate "2017.10.13"]
[SourceVersion "1"]
[SourceVersionDate "2017.10.13"]
[SourceQuality "1"]
[WhiteTeam "Delmenhorst (W)"]
[BlackTeam "Krefeld Turm (W)"]
[WhiteTeamCountry "GER"]
[BlackTeamCountry "GER"]

1. e4 c5 2. Nf3 Nc6 3. d4 cxd4 4. Nxd4 g6 5. b3 Bg7 6. Nxc6 bxc6 7. c3 d6 8. Bb2 Qb6 9. Nd2 a5 10. Qc2 Nh6 11. c4 0-0 12. Bxg7 Kxg7 13. Qc3+ Kg8 14. Be2 f5 15. 0-0 f4 16. Nf3 Bg4 17. Rad1 c5 18. e5 Nf5 19. h3 Bh5 20. exd6 exd6 21. Rd2 Qb4 22. Qb2 a4 23. Ng5 Bxe2 24. Rxe2 Nd4 25. Rd2 axb3 26. axb3 Ra3 27. Rxd4 cxd4 28. Qxd4 Qc5 29. Qb2 Qa7 30. Ne4 Ra2 31. Qc3 Qg7 32. Qxg7+ Kxg7 33. Nxd6 Rb2 34. Rc1 Rxb3 35. Kf1 Rd3 36. c5 Kf6 37. Ke2 Rd5 38. Ne4+ Ke7 39. Rb1 Rd7 40. Rb6 Rc7 41. Kf3 Kd7 42. h4 Kc8 43. c6 Kd8 44. Kg4 Ke7 45. Rb7 Rxb7 46. cxb7 Rb8 47. Kxf4 Rxb7 48. g4 Rb5 49. g5 Rf5+ 50. Kg3 Ke6 51. f4 Ke7 52. Kg4 Ke6 53. Ng3 Ra5 54. h5 Ra4 55. hxg6 hxg6 56. Ne2 Rc4 1/2-1/2

[Event "BL2 West 1112 (Women)"]
[Site "Germany"]
[Date "2011.10.30"]
[Round "2.6"]
[White "Brandt, Ina"]
[Black "Wenke, Andrea"]
[Result "0-1"]
[WhiteElo "1200"]
[BlackElo "1787"]
[PlyCount "136"]
[EventDate "2011.10.29"]
[EventType "team-tourn"]
[EventRounds "7"]
[EventCountry "GER"]
[SourceTitle "EXT 2013"]
[Source "ChessBase"]
[SourceDate "2012.11.22"]
[SourceVersion "1"]
[SourceVersionDate "2012.11.22"]
[SourceQuality "1"]
[WhiteTeam "Dortmund 1875 (W)"]
[BlackTeam "Delmenhorst (W)"]
[WhiteTeamCountry "GER"]
[BlackTeamCountry "GER"]

1. d4 d6 2. c4 g6 3. Nc3 Bg7 4. Nf3 Nc6 5. Bg5 Nf6 6. e3 0-0 7. Be2 e5 8. 0-0 exd4 9. Nxd4 Qd7 10. Rc1 Nxd4 11. exd4 Qf5 12. Qd2 Re8 13. Rfe1 Bd7 14. b4 Ne4 15. Nxe4 Qxe4 16. d5 Qd4 17. Qxd4 Bxd4 18. Kf1 Kg7 19. Bd3 f6 20. Bf4 Kf7 21. Rxe8 Rxe8 22. c5 Bb2 23. Rb1 Be5 24. Bxe5 Rxe5 25. Bc4 Re4 26. Bd3 Rd4 27. Be2 Rd2 28. Bc4 Bf5 29. Re1 Bd3+ 30. Bxd3 Rxd3 31. cxd6 cxd6 32. Rc1 Rxd5 33. Rc7+ Ke6 34. Rxb7 a6 35. Rxh7 a5 36. Rb7 axb4 37. Rxb4 Ra5 38. Rb2 Ra3 39. Ke2 Ke5 40. f3 g5 41. Kf2 d5 42. Ke2 f5 43. g3 f4 44. Kf2 Rd3 45. gxf4+ Kxf4 46. Rb4+ d4 47. Ke2 Re3+ 48. Kd2 Kxf3 49. Rxd4 Re2+ 50. Kd3 Rxa2 51. Rd5 Kf4 52. Rd4+ Kf5 53. Rd5+ Kg6 54. Rd8 Rxh2 55. Rg8+ Kf5 56. Rf8+ Kg4 57. Rg8 Kh4 58. Ke3 Kg4 59. Rg7 Rh5 60. Ke4 Kg3 61. Ke3 g4 62. Rg8 Rh4 63. Rg7 Kg2 64. Ke2 g3 65. Rg8 Rh3 66. Rg7 Kg1 67. Ke1 g2 68. Re7 Kh1 0-1

[Event "BL2 West 1112 (Women)"]
[Site "Germany"]
[Date "2011.10.29"]
[Round "1.6"]
[White "Wenke, Andrea"]
[Black "Buechle, Regina"]
[Result "0-1"]
[WhiteElo "1787"]
[BlackElo "1956"]
[PlyCount "82"]
[EventDate "2011.10.29"]
[EventType "team-tourn"]
[EventRounds "7"]
[EventCountry "GER"]
[SourceTitle "EXT 2013"]
[Source "ChessBase"]
[SourceDate "2012.11.22"]
[SourceVersion "1"]
[SourceVersionDate "2012.11.22"]
[SourceQuality "1"]
[WhiteTeam "Delmenhorst (W)"]
[BlackTeam "Wattenscheid (W)"]
[WhiteTeamCountry "GER"]
[BlackTeamCountry "GER"]

1. e4 c5 2. Nf3 d6 3. d4 cxd4 4. Nxd4 Nf6 5. Nc3 e6 6. Bg5 Be7 7. Bd3 Nc6 8. Nf3 0-0 9. 0-0 a6 10. Re1 Qc7 11. Qe2 b5 12. a3 Bb7 13. e5 dxe5 14. Nxe5 Nxe5 15. Qxe5 Bd6 16. Qe3 Bxh2+ 17. Kf1 Ng4 18. Qh3 f5 19. Rxe6 Qc5 20. Nd1 Rae8 21. Rxe8 Rxe8 22. Ne3 Be4 23. Bxe4 Rxe4 24. Nxg4 fxg4 25. Qxh2 Qxg5 26. Qb8+ Kf7 27. Qb7+ Re7 28. Qxa6 Qe5 29. g3 Qxb2 30. Re1 Rxe1+ 31. Kxe1 Qc1+ 32. Ke2 Qxc2+ 33. Ke3 Qc5+ 34. Ke2 h5 35. Qb7+ Qe7+ 36. Qxe7+ Kxe7 37. Ke3 g5 38. Ke4 Ke6 39. Kd4 h4 40. gxh4 gxh4 41. Ke4 h3 0-1

[Event "BL2 Nord 1011 (Women)"]
[Site "Germany"]
[Date "2010.12.05"]
[Round "4.4"]
[White "Wenke, Andrea"]
[Black "Sommer, Ute"]
[Result "0-1"]
[WhiteElo "1782"]
[BlackElo "1621"]
[PlyCount "96"]
[EventDate "2010.11.06"]
[EventType "team-tourn"]
[EventRounds "7"]
[EventCountry "GER"]
[SourceTitle "EXT 2012"]
[Source "ChessBase"]
[SourceDate "2011.11.24"]
[SourceVersion "1"]
[SourceVersionDate "2011.11.24"]
[SourceQuality "1"]
[WhiteTeam "Delmenhorst (W)"]
[BlackTeam "Potsdam USV (W)"]
[WhiteTeamCountry "GER"]
[BlackTeamCountry "GER"]

1. e4 c5 2. Nf3 e6 3. d4 cxd4 4. Nxd4 Nf6 5. Bd3 a6 6. c3 Qc7 7. Nd2 Nc6 8. Nc4 b5 9. Ne3 Bb7 10. f3 Bc5 11. Nec2 0-0 12. Be3 Ne5 13. 0-0 d5 14. exd5 Nxd5 15. Qd2 Nxe3 16. Qxe3 Nxd3 17. Qxd3 e5 18. Kh1 exd4 19. cxd4 Bd6 20. g3 Rac8 21. Ne3 Qd7 22. Kg2 Be5 23. Rad1 Rfd8 24. Nc2 Qc6 25. Rf2 Qc4 26. b3 Qxd3 27. Rxd3 Bf6 28. Rfd2 a5 29. Ne3 Bg5 30. Kf2 Bxe3+ 31. Rxe3 Kf8 32. Re5 Rd5 33. f4 f6 34. Rxd5 Bxd5 35. Ke3 f5 36. Kf2 Be4 37. Ke3 Rc3+ 38. Kf2 Rc2 39. Ke3 Rxd2 40. Kxd2 b4 41. Kc1 Ke7 42. Kb2 Kd6 43. a3 Kd5 44. axb4 axb4 45. Kc1 Kxd4 46. Kd2 g6 47. h3 Bg2 48. h4 Bd5 0-1

[Event "Bremen-ch op"]
[Site "Bremen"]
[Date "2010.03.31"]
[Round "6"]
[White "Wenke, Andrea"]
[Black "Bergmann, Reinhold"]
[Result "0-1"]
[WhiteElo "1816"]
[BlackElo "1929"]
[PlyCount "152"]
[EventDate "2010.03.27"]
[EventType "swiss"]
[EventRounds "9"]
[EventCountry "GER"]
[SourceTitle "EXT 2022"]
[Source "ChessBase"]
[SourceDate "2021.10.06"]
[SourceVersion "1"]
[SourceVersionDate "2021.10.06"]
[SourceQuality "1"]

1. e4 c5 2. Nf3 Nc6 3. d4 cxd4 4. Nxd4 Nf6 5. Nc3 e5 6. Nf3 Bb4 7. Bd3 Bxc3+ 8. bxc3 0-0 9. 0-0 b6 10. Bg5 d6 11. Qd2 Be6 12. c4 Rc8 13. Qe2 Na5 14. Nd2 Qc7 15. Bxf6 gxf6 16. Kh1 Kh8 17. f4 Bxc4 18. Nxc4 Nxc4 19. Rac1 b5 20. Qh5 Qe7 21. Rf3 Rg8 22. Rh3 Rg7 23. Rf1 Nb2 24. Qf5 Qe6 25. Qxe6 fxe6 26. fxe5 fxe5 27. Rf2 a6 28. Rhf3 Kg8 29. Kg1 Na4 30. Bf1 Nc5 31. Bd3 Nd7 32. Rf1 Rf8 33. Rxf8+ Nxf8 34. Rb1 Ra7 35. c4 Nd7 36. cxb5 axb5 37. Bxb5 Nc5 38. Bc4 Kf7 39. Re1 Ra4 40. Bb3 Rxe4 41. Rxe4 Nxe4 42. Bc2 Nc3 43. a4 h6 44. a5 Nb5 45. a6 d5 46. Bd3 Na7 47. Kf2 Kf6 48. Ke3 e4 49. Be2 Ke5 50. g3 d4+ 51. Kd2 Kf5 52. h3 e5 53. Bg4+ Kg5 54. Be6 e3+ 55. Ke2 e4 56. h4+ Kf6 57. Bd7 Ke5 58. Bg4 Nb5 59. Bd7 Nc3+ 60. Ke1 d3 61. Bg4 Nb5 62. Bh5 Kd4 63. Bd1 Ke5 64. g4 Ke6 65. Bb3+ Ke5 66. g5 hxg5 67. h5 e2 68. h6 Kf6 69. h7 Kg7 70. Bd5 e3 71. Bc4 d2+ 72. Kxe2 Nc3+ 73. Kxe3 d1Q 74. Bd3 Qa1 75. Kd2 Nd5 76. Ke2 Nf6 0-1

[Event "Bremen-ch op"]
[Site "Bremen"]
[Date "2010.03.30"]
[Round "5"]
[White "Massekhin, Maxim"]
[Black "Wenke, Andrea"]
[Result "1-0"]
[WhiteElo "2003"]
[BlackElo "1816"]
[PlyCount "81"]
[EventDate "2010.03.27"]
[EventType "swiss"]
[EventRounds "9"]
[EventCountry "GER"]
[SourceTitle "EXT 2022"]
[Source "ChessBase"]
[SourceDate "2021.10.06"]
[SourceVersion "1"]
[SourceVersionDate "2021.10.06"]
[SourceQuality "1"]

1. d4 g6 2. Nf3 Bg7 3. c4 d6 4. Nc3 Nf6 5. e4 0-0 6. Be2 e6 7. 0-0 b6 8. Bg5 Qe8 9. Qc2 a6 10. Rab1 Bb7 11. b4 e5 12. d5 Nbd7 13. Nd2 Rb8 14. Be3 Qe7 15. Na4 Rfc8 16. c5 bxc5 17. bxc5 c6 18. Rxb7 Rxb7 19. Bxa6 Rbb8 20. Bxc8 Rxc8 21. Nb6 Rc7 22. cxd6 Qxd6 23. Rc1 Nb8 24. Ndc4 Qd8 25. d6 Rb7 26. f3 Ne8 27. Rd1 Bf8 28. Na4 Nxd6 29. Bc5 Rd7 30. Nxe5 Qf6 31. Nxd7 Nxd7 32. Bd4 Ne5 33. Nb6 Qg5 34. Bxe5 Qxe5 35. Nd7 Qe7 36. Nxf8 Kxf8 37. Qxc6 Qa7+ 38. Kf1 Qxa2 39. Qxd6+ Kg7 40. Qd4+ Kf8 41. Ra1 1-0

[Event "BL2 West 0809 (Women)"]
[Site "Germany"]
[Date "2009.03.08"]
[Round "7.6"]
[White "Wenke, Andrea"]
[Black "Flauss, Jessica"]
[Result "0-1"]
[WhiteElo "1378"]
[BlackElo "1528"]
[PlyCount "122"]
[EventDate "2008.11.08"]
[EventType "team-tourn"]
[EventRounds "7"]
[EventCountry "GER"]
[SourceTitle "EXT 2010"]
[Source "ChessBase"]
[SourceDate "2010.11.25"]
[SourceVersion "1"]
[SourceVersionDate "2010.11.25"]
[SourceQuality "1"]
[WhiteTeam "Delmenhorst (W)"]
[BlackTeam "Lehrte (W) II"]
[WhiteTeamCountry "GER"]
[BlackTeamCountry "GER"]

1. e4 e5 2. Nf3 Nc6 3. d4 exd4 4. Nxd4 Nf6 5. Nc3 Bb4 6. Nxc6 bxc6 7. Bd3 0-0 8. 0-0 Re8 9. Bg5 h6 10. Bh4 g5 11. Bg3 Bxc3 12. bxc3 Nxe4 13. f4 Qe7 14. Qh5 Qc5+ 15. Kh1 gxf4 16. Qxc5 Nxc5 17. Bxf4 Nxd3 18. cxd3 Ba6 19. Rfd1 Kh7 20. d4 d6 21. Re1 Bc4 22. a3 Rab8 23. Rxe8 Rxe8 24. Bd2 Re2 25. Be1 Bd5 26. c4 Bxc4 27. Kg1 Bd5 28. Bf2 Rd2 29. g3 Kg6 30. h4 Rb2 31. Kf1 Bc4+ 32. Kg1 f5 33. Be3 Bd5 34. Bf2 a5 35. Kf1 Bc4+ 36. Kg1 a4 37. Be1 Bd5 38. Bf2 c5 39. dxc5 dxc5 40. Bxc5 Rg2+ 41. Kf1 Rxg3 42. Rd1 c6 43. Rd4 Rc3 44. Bd6 Rc4 45. Rxc4 Bxc4+ 46. Kg2 h5 47. Kf3 Kf6 48. Kf4 Ke6 49. Bf8 Be2 50. Ke3 Bd1 51. Kd4 f4 52. Ke4 f3 53. Bc5 Be2 54. Kf4 Kd5 55. Bf2 c5 56. Kg5 c4 57. Kf4 c3 58. Ke3 Kc4 59. Be1 c2 60. Bd2 Kb3 61. Bc1 Ka2 0-1

[Event "BL2 West 0809 (Women)"]
[Site "Germany"]
[Date "2009.03.07"]
[Round "6.6"]
[White "Schlueter, Sabrina"]
[Black "Wenke, Andrea"]
[Result "1/2-1/2"]
[WhiteElo "1758"]
[BlackElo "1378"]
[PlyCount "85"]
[EventDate "2008.11.08"]
[EventType "team-tourn"]
[EventRounds "7"]
[EventCountry "GER"]
[SourceTitle "EXT 2010"]
[Source "ChessBase"]
[SourceDate "2010.11.25"]
[SourceVersion "1"]
[SourceVersionDate "2010.11.25"]
[SourceQuality "1"]
[WhiteTeam "Kiel Doppelbauer (W)"]
[BlackTeam "Delmenhorst (W)"]
[WhiteTeamCountry "GER"]
[BlackTeamCountry "GER"]

1. e4 e5 2. Nf3 Nc6 3. Bb5 d6 4. d4 Bd7 5. 0-0 Nxd4 6. Bxd7+ Qxd7 7. Nxd4 exd4 8. Qxd4 Nf6 9. Re1 Be7 10. e5 dxe5 11. Qxe5 Rd8 12. Nc3 Qd6 13. Qe2 Rd7 14. Bg5 Kd8 15. Rad1 Qc5 16. Ne4 Nxe4 17. Bxe7+ Qxe7 18. Rxd7+ Kxd7 19. Qb5+ Kc8 20. Qf5+ Kd8 21. Qd5+ Kc8 22. Qf5+ Kd8 23. Rxe4 Qd7 24. Qf3 Re8 25. h3 c6 26. Qf4 Rxe4 27. Qxe4 h6 28. Qe5 Qd1+ 29. Kh2 Qxc2 30. Qb8+ Kd7 31. Qxb7+ Ke6 32. Qc8+ Kf6 33. Qd8+ Ke6 34. Qd4 g6 35. f3 h5 36. Qe3+ Kf6 37. Qd4+ Ke6 38. h4 c5 39. Qe3+ Kf6 40. Qg5+ Ke6 41. Qe3+ Kf6 42. Qf4+ Ke6 43. Qe3+ 1/2-1/2

[Event "BL2 West 0809 (Women)"]
[Site "Germany"]
[Date "2009.01.04"]
[Round "5.6"]
[White "Amirezaishvili, Maia"]
[Black "Wenke, Andrea"]
[Result "1-0"]
[WhiteElo "1617"]
[BlackElo "1378"]
[PlyCount "49"]
[EventDate "2008.11.08"]
[EventType "team-tourn"]
[EventRounds "7"]
[EventCountry "GER"]
[SourceTitle "EXT 2010"]
[Source "ChessBase"]
[SourceDate "2010.11.25"]
[SourceVersion "1"]
[SourceVersionDate "2010.11.25"]
[SourceQuality "1"]
[WhiteTeam "Steinfurt (W)"]
[BlackTeam "Delmenhorst (W)"]
[WhiteTeamCountry "GER"]
[BlackTeamCountry "GER"]

1. e4 e5 2. Nf3 Nc6 3. Bb5 d6 4. 0-0 Bd7 5. c3 Nf6 6. d4 exd4 7. cxd4 Be7 8. e5 Nd5 9. Nc3 Nxc3 10. bxc3 dxe5 11. d5 Nb8 12. Qe2 a6 13. Bc4 0-0 14. Nxe5 Bf6 15. Bf4 Bf5 16. Qf3 Nd7 17. Rfe1 Re8 18. Nxf7 Kxf7 19. d6+ Be6 20. dxc7 Qc8 21. Qh5+ Kg8 22. Rxe6 Rxe6 23. Bxe6+ Kh8 24. Rd1 g6 25. Qh3 1-0

[Event "BL2 West 0809 (Women)"]
[Site "Germany"]
[Date "2008.12.07"]
[Round "4.6"]
[White "Grohmann, Katrin"]
[Black "Wenke, Andrea"]
[Result "1-0"]
[WhiteElo "1771"]
[BlackElo "1378"]
[PlyCount "61"]
[EventDate "2008.11.08"]
[EventType "team-tourn"]
[EventRounds "7"]
[EventCountry "GER"]
[SourceTitle "EXT 2010"]
[Source "ChessBase"]
[SourceDate "2010.11.25"]
[SourceVersion "1"]
[SourceVersionDate "2010.11.25"]
[SourceQuality "1"]
[WhiteTeam "Erfurt Medizin (W)"]
[BlackTeam "Delmenhorst (W)"]
[WhiteTeamCountry "GER"]
[BlackTeamCountry "GER"]

1. e4 e5 2. Nf3 Nc6 3. Bb5 d6 4. d4 exd4 5. Nxd4 Bd7 6. Nxc6 Bxc6 7. Bxc6+ bxc6 8. 0-0 Be7 9. Qe2 Nf6 10. b3 0-0 11. Bb2 Qd7 12. Nd2 Rfe8 13. h3 Qe6 14. Rae1 Nd7 15. Qa6 Nb6 16. a4 Qc8 17. Qd3 Bf8 18. f4 f6 19. Qg3 Qd7 20. Bxf6 Qf7 21. Ba1 Be7 22. Nf3 Nd7 23. Kh1 Bf6 24. e5 dxe5 25. fxe5 g6 26. exf6 Nxf6 27. Bxf6 Qxf6 28. Rxe8+ Rxe8 29. Qxc7 Re7 30. Qd8+ Kg7 31. Nh2 1-0

[Event "BL2 West 0809 (Women)"]
[Site "Germany"]
[Date "2008.11.09"]
[Round "2.5"]
[White "Wenke, Andrea"]
[Black "Wagner, Anna Christina"]
[Result "1-0"]
[WhiteElo "1378"]
[BlackElo "753"]
[PlyCount "41"]
[EventDate "2008.11.08"]
[EventType "team-tourn"]
[EventRounds "7"]
[EventCountry "GER"]
[SourceTitle "EXT 2010"]
[Source "ChessBase"]
[SourceDate "2010.11.25"]
[SourceVersion "1"]
[SourceVersionDate "2010.11.25"]
[SourceQuality "1"]
[WhiteTeam "Delmenhorst (W)"]
[BlackTeam "Erftstadt SV (W)"]
[WhiteTeamCountry "GER"]
[BlackTeamCountry "GER"]

1. e4 e5 2. Nf3 Nc6 3. d4 exd4 4. Nxd4 Qh4 5. Nc3 Bb4 6. Bd2 Nxd4 7. Bd3 Nf6 8. Be3 Nxe4 9. Bxd4 Bxc3+ 10. bxc3 0-0 11. 0-0 b6 12. g3 Qe7 13. Re1 Bb7 14. f3 d5 15. fxe4 dxe4 16. Bc4 Kh8 17. Qg4 f6 18. Qh4 Rae8 19. Re2 f5 20. Qh5 h6 21. Qxh6# 1-0

[Event "BL2 West 0809 (Women)"]
[Site "Germany"]
[Date "2008.11.08"]
[Round "1.5"]
[White "Kraus, Tanja"]
[Black "Wenke, Andrea"]
[Result "1-0"]
[WhiteElo "1963"]
[BlackElo "1378"]
[PlyCount "57"]
[EventDate "2008.11.08"]
[EventType "team-tourn"]
[EventRounds "7"]
[EventCountry "GER"]
[SourceTitle "EXT 2010"]
[Source "ChessBase"]
[SourceDate "2010.11.25"]
[SourceVersion "1"]
[SourceVersionDate "2010.11.25"]
[SourceQuality "1"]
[WhiteTeam "Wattenscheid (W)"]
[BlackTeam "Delmenhorst (W)"]
[WhiteTeamCountry "GER"]
[BlackTeamCountry "GER"]

1. e4 e5 2. Nf3 Nc6 3. Bb5 d6 4. d4 exd4 5. Qxd4 Bd7 6. Bxc6 Bxc6 7. c4 Qe7 8. Nc3 Nf6 9. 0-0 Qd7 10. Re1 Be7 11. b4 b6 12. Bb2 0-0 13. Nd5 Rfe8 14. Nh4 Bxd5 15. cxd5 Qg4 16. Nf5 Bd8 17. f3 Qg6 18. Qc3 Rc8 19. Nxd6 Be7 20. Nxc8 Rxc8 21. Rad1 Ne8 22. e5 Qf5 23. Rc1 Rd8 24. d6 cxd6 25. exd6 Bf6 26. Qc6 Kf8 27. Bxf6 gxf6 28. Qb7 Nxd6 29. Qe7+ 1-0

[Event "GER-ch U25 op"]
[Site "Willingen"]
[Date "2008.05.17"]
[Round "9"]
[White "Wenke, Andrea"]
[Black "Bangert, Benjamin"]
[Result "1/2-1/2"]
[WhiteElo "1440"]
[BlackElo "1227"]
[PlyCount "118"]
[EventDate "2008.05.11"]
[EventType "swiss"]
[EventRounds "9"]
[EventCountry "GER"]
[SourceTitle "CBM 124 Extra"]
[Source "ChessBase"]
[SourceDate "2008.07.03"]
[SourceVersion "1"]
[SourceVersionDate "2008.07.03"]
[SourceQuality "1"]

1. e4 e5 2. Nf3 Nc6 3. d4 exd4 4. Nxd4 Nf6 5. Nxc6 bxc6 6. e5 Nd5 7. c4 Nb6 8. Bd3 d5 9. exd6 cxd6 10. 0-0 Be7 11. Nc3 0-0 12. Qh5 g6 13. Qf3 Bb7 14. Bh6 Re8 15. Ne4 Rb8 16. Qf4 d5 17. Ng5 Bxg5 18. Bxg5 Qc8 19. Bh6 Re6 20. Rae1 dxc4 21. Rxe6 fxe6 22. Qd4 Qd7 23. Qxd7 Nxd7 24. Bxc4 Kf7 25. Re1 Re8 26. Re3 c5 27. Bb5 Rd8 28. Rd3 Bd5 29. Ra3 Ne5 30. Rxa7+ Kg8 31. f3 Ra8 32. Rxa8+ Bxa8 33. Bf4 Bc6 34. Bxc6 Nxc6 35. a3 Kf7 36. Bd6 c4 37. Kf2 Kf6 38. h4 Ne5 39. Bxe5+ Kxe5 40. a4 Kd5 41. a5 Kc6 42. a6 Kb6 43. a7 Kxa7 44. Ke3 Kb6 45. Kd4 Kb5 46. f4 Kb4 47. g4 Kb3 48. Kc5 Kxb2 49. Kxc4 Kc2 50. Kd4 Kd2 51. Ke5 Ke3 52. f5 exf5 53. gxf5 gxf5 54. Kxf5 Kf3 55. h5 Kg3 56. Kg5 Kf3 57. h6 Ke4 58. Kf6 Kd5 59. Kg7 Ke6 1/2-1/2

[Event "GER-ch U25 op"]
[Site "Willingen"]
[Date "2008.05.15"]
[Round "7"]
[White "Wenke, Andrea"]
[Black "Wachinger, David"]
[Result "1/2-1/2"]
[WhiteElo "1440"]
[BlackElo "1179"]
[PlyCount "31"]
[EventDate "2008.05.11"]
[EventType "swiss"]
[EventRounds "9"]
[EventCountry "GER"]
[SourceTitle "CBM 124 Extra"]
[Source "ChessBase"]
[SourceDate "2008.07.03"]
[SourceVersion "1"]
[SourceVersionDate "2008.07.03"]
[SourceQuality "1"]

1. e4 e6 2. d4 d5 3. exd5 exd5 4. Nf3 c6 5. Bf4 Bd6 6. Bxd6 Qxd6 7. c3 Bg4 8. Qd3 Qe6+ 9. Be2 Nf6 10. 0-0 0-0 11. Re1 Bf5 12. Ng5 Qd7 13. Qg3 Re8 14. Nd2 h6 15. Ngf3 Qe7 16. Qe5 1/2-1/2

[Event "GER-ch U25 op"]
[Site "Willingen"]
[Date "2008.05.14"]
[Round "6"]
[White "George, Tom"]
[Black "Wenke, Andrea"]
[Result "1-0"]
[WhiteElo "1669"]
[BlackElo "1440"]
[PlyCount "47"]
[EventDate "2008.05.11"]
[EventType "swiss"]
[EventRounds "9"]
[EventCountry "GER"]
[SourceTitle "CBM 124 Extra"]
[Source "ChessBase"]
[SourceDate "2008.07.03"]
[SourceVersion "1"]
[SourceVersionDate "2008.07.03"]
[SourceQuality "1"]

1. e4 e5 2. Nf3 Nc6 3. d4 exd4 4. Nxd4 Nf6 5. Nxc6 bxc6 6. e5 Nd5 7. c4 Nb6 8. Bd3 d6 9. Bf4 Be6 10. Qe2 g6 11. 0-0 Bg7 12. Nd2 0-0 13. Nf3 Nd7 14. exd6 Nc5 15. Rad1 cxd6 16. Bb1 d5 17. Ne5 Qb6 18. b3 f6 19. Nd3 Ne4 20. c5 Bg4 21. Qxg4 Nxc5 22. Nxc5 Qxc5 23. Qe6+ Kh8 24. Bd6 1-0

[Event "GER-ch U25 op"]
[Site "Willingen"]
[Date "2008.05.13"]
[Round "5"]
[White "Wenke, Andrea"]
[Black "Kreyssig, Bruno"]
[Result "1-0"]
[WhiteElo "1440"]
[BlackElo "1034"]
[PlyCount "85"]
[EventDate "2008.05.11"]
[EventType "swiss"]
[EventRounds "9"]
[EventCountry "GER"]
[SourceTitle "CBM 124 Extra"]
[Source "ChessBase"]
[SourceDate "2008.07.03"]
[SourceVersion "1"]
[SourceVersionDate "2008.07.03"]
[SourceQuality "1"]

1. e4 e5 2. Nf3 d6 3. d4 Nd7 4. Bc4 Be7 5. Bb3 Ngf6 6. Nc3 0-0 7. 0-0 b6 8. dxe5 dxe5 9. Re1 Bb7 10. Nd5 Nc5 11. Nxf6+ Bxf6 12. Bd5 Rb8 13. c3 Qd7 14. Be3 Rbd8 15. Bxc5 Bxd5 16. Bxf8 Bxe4 17. Qxd7 Rxd7 18. Rxe4 Kxf8 19. Nxe5 Bxe5 20. Rxe5 f6 21. Re2 Kf7 22. Rae1 c5 23. f4 a5 24. a3 c4 25. Re6 b5 26. Rb6 Rd5 27. g4 a4 28. f5 g5 29. Rb7+ Kf8 30. Ree7 Re5 31. Rxe5 fxe5 32. Rxb5 e4 33. Kf2 Ke7 34. Ke3 h6 35. Rb6 h5 36. gxh5 Kf7 37. Kxe4 Kg7 38. Ke5 Kg8 39. Rb7 Kh8 40. Ke6 Kg8 41. Kf6 Kh8 42. Kg6 g4 43. Rb8# 1-0